| 000 | 00479nam a2200169Ia 4500 | ||
|---|---|---|---|
| 005 | 20250923145826.0 | ||
| 008 | 008 250917s9999 xx 000 0 eng d | ||
| 037 | _aTextual | ||
| 040 |
_aDSWL _beng _cDSWL |
||
| 041 |
_aeng _2eng |
||
| 084 |
_aX:41'N8, N82;1 _qDSWL |
||
| 245 | 0 |
_aEconomic readjustment & reform _cEd.by Su Wenming |
|
| 260 |
_aBeijing _bBeijing Review _c1982 |
||
| 300 | _a218p. | ||
| 942 |
_cTEXL _hX:41'N8, N82;1 |
||
| 999 |
_c1456158 _d1456158 |
||